| 000 | 00534nam a22001577a 4500 | ||
|---|---|---|---|
| 008 | 121106b xxu||||| |||| 00| 0 eng d | ||
| 020 | _a9789966046000 | ||
| 050 | _aKN398 .M85 2012 | ||
| 100 | _a Muigua, Kariuki | ||
| 245 |
_a Settling disputes through arbitration in Kenya / _c Kariuki, Muigua |
||
| 260 |
_aNairobi, Kenya. _bGlenwood Publishers Limited _c2012. |
||
| 300 | _a225 p. | ||
| 500 | _aIncludes bibliographical references and index | ||
| 650 | _a Setttling disputes - - Kenya - Arbitration - - Kenya | ||
| 942 |
_2lcc _cBK |
||
| 999 |
_c41461 _d41461 |
||